Slightly Off T-Shirts Quiz Stats

 Plays Quiz Updated Apr 17, 2019

Score 0/21 Timer 05:00
0 Plays Today
% Correct
Pineapple
98.3%
Africa
97.8%
Twelve (or 13)
96.4%
Pizza
96.2%
UK
95.6%
Dalek / Doctor Who
95%
Paris
94.6%
Sesame Street?
92.7%
KISS
92.3%
Star Trek
92.1%
Seinfeld
91.7%
% Correct
Batman / Avatar / Spider-Man
91.1%
New York
91.1%
Rhino
89.8%
Cardinals
83.3%
Jimi Hendrix
82.7%
Britney Spears
82.6%
Hanson
72.3%
Che Guevara (1928 - 1967)
70.4%
Motörhead
39.8%
Manchester City
38.4%

You're not logged in!

Compare scores with friends on all Sporcle quizzes.
OR
Log In

Sporcle TV

Today on Sporcle TV


Watch our educational content, quiz creation guides, and fun videos on Sporcle TV.

Show Comments

Extras

Top Quizzes Today


Score Distribution

Your Account Isn't Verified!

In order to create a playlist on Sporcle, you need to verify the email address you used during registration. Go to your Sporcle Settings to finish the process.

Report this User

Report this user for behavior that violates our Community Guidelines.

Details: